{"text_format":"1","workbook":"xlsx","n_sheets":24,"sheets":["PLANILHA_ASFALTO_SINAPI_I","RUAS_GERAL","DESPESAS_FINANCEIRAS","CALCULO_TAXA_SELIC","BDI","CALCULO_BDI_MEDIO_SERVIÇO","CALCULO_BDI_MEDIO_DIFERENCIADO","MOBILIZAÇÃO_E_DESMOBILIZAÇÃO_SI","MOBILIZAÇÃO_DE_FRESADORA__SICRO","ENGENHEIRO_SICRO","ENC__DE_PAVIMENTAÇÃO_SICRO","LABORATÓRIO_DE_ASFALTO_SICRO","LABORATÓRIO_DE_MICRORREVESTIMEN","EXEC__DE_PAV__SINAPI_REF_95995","USINAGEM_SICRO_REF_6416078","IMPRIMAÇÃO_SICRO_REF_4011352","PINTURA_DE_LIGAÇÃO__SICRO_REF_4","FRESAGEM_SINAPI_REF_96001","TRANSP_DMT_30_KM_SINAPI_95875","TRANSP_30000L_SINAPI_REF_102330","CARGA_MAN_SICRO_5914649","REMOÇÃO_DE_CONCR__SINAPI_97639","INSUMOS","REAJUSTAMENTOS"],"not_rendered":{"charts":0,"images":14,"macros":0,"external_links":0,"defined_names":5,"comments":0,"pivot_tables":0},"unopened":[],"bounds":{"document_bytes":16777216,"sheet_cells":100000,"rows_first":2000,"rows_last":500,"rows_between":2000,"halvings":0,"cell_chars":16384,"cell_head_chars":4096},"cells_cut":0,"cells_raw":0,"read":"whole","date_system":"1900"}

{"sheet":"PLANILHA_ASFALTO_SINAPI_I","index":0,"n_rows":40,"n_cols":11,"rows_kept":40,"cut":false,"hidden":false,"merged":[[31,1,31,10],[1,1,1,10],[2,1,2,10],[3,1,3,10],[4,1,5,10],[6,1,6,10],[7,1,7,10],[9,2,9,10],[12,2,12,10],[17,2,17,10],[29,6,29,9],[30,1,30,10],[43,1,43,5],[56,1,56,10],[57,1,57,10],[58,1,58,10],[36,6,36,9],[37,1,37,10],[38,6,38,9],[39,1,40,10],[41,1,41,5],[42,1,42,9]]}
[]
[]
[null,"PROGRAMA DE REQUALIFICAÇÃO DO SISTEMA VIÁRIO"]
[null,"PLANILHA DE ORÇAMENTO - EXECUÇÃO DE SERVIÇO DE PAVIMENTAÇÃO ASFÁLTICA NAS VIAS DO PERÍMETRO URBANO DO MUNICÍPIO BALNEÁRIO CAMBORIÚ"]
[null,"QUADRO DE PREÇOS"]
[]
[]
[null,"GRUPO 1 - SERVIÇOS"]
[null,"ITEM","BANCO","TIPO","CÓDIGO","DESCRIÇÃO","UNIDADE","QUANTIDADE","PREÇO UNITÁRIO","PREÇO UNITÁRIO COM BDI 21,24%        (R$)","PREÇO REFERENCIAL COM BDI (R$)"]
[null,"1.1","MOBILIZAÇÃO E DESMOBILIZAÇÃO"]
[null,"1.1.1","SICRO","COMPOSIÇÃO","E9545; E9762; E9681; E9096; E9579; E9571; E9509","153640 – VIBROACABADORA DE ASFALTO; ROLO DE PNEUS; ROLO CHAPA LISO; MINICARREGADEIRA; CAMINHÃO BASCULANTE; CAMINHÃO TANQUE DE ÁGUA; CAMINHÃO DISTRIBUIDOR DE ASFALTO","UNID",70,5866.17,7112.1445080000003,497849.8]
[null,"1.1.2","SICRO","COMPOSIÇÃO","E9678; E9579","153641 – FRESADORA A FRIO – 410KW; CAMINHÃO BASCULANTE","UNID",70,1449.43,1757.2889319999999,123010.3]
[null,"1.2","APOIO DE PRODUÇÃO"]
[null,"1.2.1","SICRO","COMPOSIÇÃO","P9819","153642 – ENGENHEIRO SUPERVISOR","TON",22320.818749999999,10.17,12.330107999999999,275215.71000000002]
[null,"1.2.2","SICRO","COMPOSIÇÃO","P9893","153643 – ENCARREGADO DE PAVIMENTAÇÃO","TON",22320.818749999999,6.59,7.9897159999999996,178343.35]
[null,"1.2.3","SICRO","COMPOSIÇÃO","P9858; P9833; E9093","153644 – LABORATÓRIO DE ASFALTO","TON",22320.818749999999,1.48,2.96,66069.623500000002]
[null,"1.2.4","SICRO","COMPOSIÇÃO","P9858; P9833; E9093","160257 – LABORATÓRIO DE MICRORREVESTIMENTO","M²",85000,0.16,0.19398399999999999,16150]
[null,"1.3","PAVIMENTAÇÃO"]
[null,"1.3.1","SINAPI","COMPOSIÇÃO",95995,"143833 – EXECUÇÃO DE PAVIMENTO COM APLICAÇÃO DE CONCRETO ASFÁLTICO, CAMADA DE ROLAMENTO - EXCLUSIVE CARGA E TRANSPORTE. AF_11/2019 (EXCETO CBUQ PADRAO DNIT, FAIXA C, COM CAP 50/70 - AQUISIÇÃO POSTO USINA) - SERVIÇO","m³",8928.3274999999994,130.75,158.5213,1415318.48]
[null,"1.3.2","SICRO","COMPOSIÇÃO",6416078,"143836 – USINAGEM DE CONCRETO ASFÁLTICO COM CAP 50/70, PARA CAMADA DE ROLAMENTO, PADRÃO DNIT FAIXA C, EM USINA DE ASFALTO CONTÍNUA DE 80 TON/H. AF_03/2020 (EXCETO CAP 50/70)","t",22320.818749999999,177.34,215.00701599999999,4799199.25]
[null,"1.3.3","SICRO","COMPOSIÇÃO",96401,"143837 – IMPRIMAÇÃO DE BASE PARA PAVIMENTAÇÃO COM ADP CM - 30 (EXCETO ASFALTO DILUÍDO DE PETRÓLEO CM - 30) - SERVIÇO","m²",6346.5,0.4,0.48496,3046.32]
[null,"1.3.4","SICRO","COMPOSIÇÃO",96402,"143838 – EXECUÇÃO DE PINTURA DE LIGAÇÃO COM EMULSÃO ASFÁLTICA RR-2C AF 11/2019","m²",164364.04999999999,0.28000000000000003,0.339472,55883.78]
[null,"1.3.5","SINAPI","COMPOSIÇÃO",96001,"143839 – FRESAGEM PAVIMENTO ASFÁLTICO (POFUNDIDADE ATÉ 5,0 CM), EM LOCAIS COM ALTO NÍVEL DE INTERFERÊNCIA _ AF 03/2017 - SERVIÇO","m²",134389.54999999999,7.62,9.2384880000000003,1241759.44]
[null,"1.3.6","SINAPI","COMPOSIÇÃO",95875,"143841 – TRANSPORTE COM CAMINHÃO BASCULANTE 10 M³. EM VIA URBANA PAVIMENTADA, DMT ATÉ 30 KM. AF_07/2020 (TRANSPORTE DE MASSA ASFÁLTICA)","m³ x km",267849.82500000001,2.5,3.0310000000000001,811584.97]
[null,"1.3.7","SINAPI","COMPOSIÇÃO",102330,"143842 – TRANSPORTE COM CAMINHÃO TANQUE DE TRANSPORTE DE MATERIAL ASFÁLTICO DE 30000 L EM VIA URBANA PAVIMENTADA, DTM ATÉ 30KM AF 07/2020","t x Km",295328.45280000003,0.66,0.80018400000000001,236262.76]
[null,"1.3.8","SICRO","COMPOSIÇÃO",72891,"143843 – CARGA, MANOBRAS E DESCARGA DE MISTURA BETUMINOSA A QUENTE, COM CAMINHAO BASCULANTE 6 M3, DESCARGA EM VIBRO-ACABADORA","m³",8928.3274999999994,7.74,9.3839760000000005,83747.710000000006]
[null,"1.3.9","SINAPI","COMPOSIÇÃO",95875,"143844 – TRANSPORTE COM CAMINHÃO BASCULANTE DE 10 M³, EM VIA URBANA PAVIMENTADA, DMT ATÉ 30 KM. AF_07/2020 (TRANSPORTE DE MATERIAL FRESADO)","m³ x km",201584.32500000001,2.5,3.0310000000000001,610800.5]
[null,"1.3.10","SINAPI","COMPOSIÇÃO",97639,"143846 – REMOÇÃO DE PLACAS E PILARETES DE CONCRETO, DE FORMA MANUAL SEM REAPROVEITAMENTO AF_12/2017","m²",164.36404999999999,22.97,27.848828000000001,4577.43]
[null,"1.3.11","SICRO","COMPOSIÇÃO",4011408,"160256 – MICRORREVESTIMENTO A FRIO COM EMULSÃO MODIFICADA COM POLÍMERO DE 0,8 CM - BRITA COMERCIAL","m²",85000,5.17,6.2681079999999998,532950]
[null,null,null,null,null,null,"TOTAL GRUPO SERVIÇOS",null,null,null,10951769.4235]
[]
[null,"GRUPO 2 - INSUMOS (MATERIAIS)"]
[null,"ITEM","BANCO","TIPO","CÓDIGO","DESCRIÇÃO","UNIDADE","QUANTIDADE","PREÇO UNITÁRIO","PREÇO UNITÁRIO BDI 14,68%         (R$)","PREÇO REFERENCIAL (R$)"]
[null,"2.1","SINAPI","INSUMO","41899 (Ref. 72962)","143847 – CIMENTO ASFALTICO DE PETROLEO A GRANEL (CAP) 50/70 (COLETADO CAIXA NA ANP ACRESCIDO DE ICMS) - AQUISIÇÃO E FORNECIMENTO","t",1227.645,5946.12,6819.0104160000001,8371357.6299999999]
[null,"2.2","SINAPI","INSUMO",41901,"143848 – ASFALTO DILUÍDO DE PETRÓLEO CM - 30 (COLETADO CAIXA NA ANP ACRESCIDO DE ICMS) - AQUISIÇÃO E FORNECIMENTO","t",7.6158000000000001,5000,5734,43693.08]
[null,"2.3","SINAPI","INSUMO",41903,"143849 – EMULSÃO ASFÁLTICA CATIÔNICA RR - 1C PARA USO EM PAVIMENTAÇÃO ASFÁLTICA (COLETADO CAIXA NA ANP ACRESCIDO DE ICMS) - AQUISIÇÃO E FORNECIMENTO","t",65.745599999999996,4260,4885.3680000000004,321213.08]
[null,null,null,null,null,null,"TOTAL GRUPO INSUMOS",null,null,null,8736263.7899999991]
[]
[null,null,null,null,null,null,"TOTAL GERAL",null,null,null,19688033.213500001]
[null,"Obs: Ao que se refere aos itens 1.3.1 e 1.3.2, estes devem ser cotados sem considerar a composição do cimento asfáltico de petróleo (CAP), pois este insumo está cotado separadamente no item 2.1 desta planilha orçamentária de composição e insumos dos serviços relativos a pavimentação asfáltica."]

{"sheet":"RUAS_GERAL","index":1,"n_rows":53,"n_cols":22,"rows_kept":53,"cut":false,"hidden":false,"merged":[[2,1,2,21],[3,1,5,21],[53,1,53,4]]}
[]
[]
[null,"PROGRAMA DE REQUALIFICAÇÃO DO SISTEMA VIÁRIO"]
[null,"RELAÇÃO DE VIAS A SEREM REQUALIFICADAS"]
[]
[]
[null,"LOGRADOURO","CUSTO(R$)","BAIRRO","TRECHO","DISTÂNCIA (m)","LARGURA MÉDIA (m)","ÁREA (M2)","AREA DOS ENCABEÇAMENTOS (M2)","ÁREA         (m²)","IMPRIMAÇÃO (m²)","FRESAGEM (m²)","PINTURA DE LIGAÇÃO    (m²)","ESPESSURA REPERFILAGEM (cm)","ESTIMATIVA CBUQ REPERFILAGEM (t)","ESPESSURA CAPA             (cm)","ESTIMATIVA CBUQ CAPA (t)","ESPESSURA TOTAL        (cm)","ESTIMATIVA CBUQ SUB TOTAL                 (t)","TEMPO ESTIMADO DE EXECUÇÃO","DENSIDADE CBUQ CONSIDERADA (t/m³)","PISO CARROÇÁVEL ATUAL"]
[null,"NORMANDO TEDESCO",null,"CENTRO","ENTRE A RUA 4400 ATÉ RUA 4550",250,12,null,null,3000,0,3000,3000,2.5000000000000001E-2,187.5,2.5000000000000001E-2,187.5,0.05,375,null,2.5,"ASFALTO"]
[null,"AV DO ESTADO I",null,"PIONEIROS","ENTRE A HENRIQUE MESCKE E DIVISA C/ ITAJAÍ – SENTIDO NORTE",900,4,null,null,3600,0,3600,3600,2.5000000000000001E-2,225,2.5000000000000001E-2,225,0.05,450,null,2.5,"ASFALTO"]
[null,"AVENIDA DO ESTADO II",null,"NAÇÕES","ENTRE A MARROCOS E UGANDA",580,16,null,null,9280,0,9280,9280,0.03,696,0.03,696,0.06,1392,null,2.5,"ASFALTO"]
[null,"MARTHIN LUTHER",null,"NAÇÕES","ENTRE RUAS UGANDA E INDONÉSIA",1200,15,null,null,18000,0,18000,18000,0.03,1350,0.03,1350,0.06,2700,null,2.5,"ASFALTO"]
[null,"ALVIM BAUER",null,"CENTRO","ENTRE A BRASIL E AV DO ESTADO",1300,9,null,null,11700,0,11700,11700,2.5000000000000001E-2,731.25,2.5000000000000001E-2,731.25,0.05,1462.5,null,2.5,"ASFALTO"]
[null,"AV SANTA CATARINA",null,"ESTADOS","ENTRE A AQUEDUTO E MARGINAL LESTE",950,9,null,null,8550,0,8550,8550,2.5000000000000001E-2,534.375,2.5000000000000001E-2,534.375,0.05,1068.75,null,2.5,"ASFALTO"]
[null,"AV ATLÂNTICA",null,"CENTRO","ENTRE O MOLHE SUL ATÉ A RUA 4000",1400,8,null,null,11200,0,11200,11200,2.5000000000000001E-2,700,2.5000000000000001E-2,700,0.05,1400,null,2.5,"ASFALTO"]
[null,"RUA 2800",null,"CENTRO","ENTRE 3ª AV. E AV. BRASIL",350,4.5,null,null,1575,1575,0,0,2.5000000000000001E-2,98.4375,2.5000000000000001E-2,98.4375,0.05,196.875,null,2.5,"NATURAL"]
[null,"RUA 3100",null,"CENTRO","ENTRE A RUA 3100 E AV ATLÂNTICA",150,7,null,null,1050,0,0,1050,2.5000000000000001E-2,65.625,2.5000000000000001E-2,65.625,0.05,131.25,null,2.5,"LAJOTA"]
[null,"RUA 1926",null,"CENTRO","ENTRE A RUA 2380 E 4ª AV",100,8,null,null,800,0,0,800,2.5000000000000001E-2,50,2.5000000000000001E-2,50,0.05,100,null,2.5,"LAJOTA"]
[null,"RUA 2200",null,"CENTRO","ENTRE AV ATLÂNTICA E AV BRASIL",180,4,null,null,720,0,0,720,2.5000000000000001E-2,45,2.5000000000000001E-2,45,0.05,90,null,2.5,"LAJOTA"]
[null,"RUA 4502",null,"CENTRO","ENTRE A 4300 E 4600",280,7,null,null,1960,0,0,1960,2.5000000000000001E-2,122.5,2.5000000000000001E-2,122.5,0.05,245,null,2.5,"LAJOTA"]
[null,"RUA 910",null,"CENTRO","ENTRE 3ª E 4ª AVENIDA",440,7,null,null,3080,0,0,3080,2.5000000000000001E-2,192.5,2.5000000000000001E-2,192.5,0.05,385,null,2.5,"LAJOTA"]
[null,"RUA 1651",null,"CENTRO","ENTRE AVENIDA BRASIL ATÉ O FINAL DA RUA",125,5.6,null,null,700,0,0,700,2.5000000000000001E-2,43.75,2.5000000000000001E-2,43.75,0.05,87.5,null,2.5,"LAJOTA"]
[null,"RUA 100",null,"CENTRO","ENTRE 3ª AVENIDA ATÉ AVENIDA CENTRAL",141,8,null,null,1128,0,0,1128,2.5000000000000001E-2,70.5,2.5000000000000001E-2,70.5,0.05,141,null,2.5,"LAJOTA"]
[null,"RUA 1031",null,"CENTRO","ENTRE AVENIDA DO ESTADO E RUA 1021",200,6,null,null,1200,0,0,1200,2.5000000000000001E-2,75,2.5000000000000001E-2,75,0.05,150,null,2.5,"LAJOTA"]
[null,"RUA 701 I",null,"CENTRO","ENTRE AV DA LAGOA E AV BRASIL",86,5.5,null,null,473,0,473,473,2.5000000000000001E-2,29.5625,2.5000000000000001E-2,29.5625,0.05,59.125,null,2.5,"ASFALTO"]
[null,"RUA 701 II",null,"CENTRO","ENTRA SV BRASIL E CENTRAL",415,8.5,null,null,3527.5,0,3527.5,3527.5,2.5000000000000001E-2,220.46875,2.5000000000000001E-2,220.46875,0.05,440.9375,null,2.5,"ASFALTO"]
[null,"RUA 3750",null,"CENTRO","ENTRE A RUA 3704 E AV NORMANDO TEDESCO",240,8,null,null,1920,0,0,1920,2.5000000000000001E-2,120,2.5000000000000001E-2,120,0.05,240,null,2.5,"LAJOTA"]
[null,"RUA 3920",null,"CENTRO","ENTRE AV ATLÂNTICA E NORMANDO TEDESCO",110,4,null,null,440,0,0,440,2.5000000000000001E-2,27.5,2.5000000000000001E-2,27.5,0.05,55,null,2.5,"LAJOTA"]
[null,"RUA 3450",null,"CENTRO","ENTRE MARGINAL LESTE E 3ª AVENIDA",300,8,null,null,2400,0,2400,2400,2.5000000000000001E-2,150,2.5000000000000001E-2,150,0.05,300,null,2.5,"ASFALTO"]
[null,"RUA 1546",null,"CENTRO","ENTRE A RUA 902 E 1822",430,8,null,null,3440,0,0,3440,2.5000000000000001E-2,215,2.5000000000000001E-2,215,0.05,430,null,2.5,"LAJOTA"]
[null,"RUA 2200",null,"CENTRO","ENTRE AVENIDA BRASIL E AVENIDA ATLÂNTICA",180,3,null,null,540,0,0,540,2.5000000000000001E-2,33.75,2.5000000000000001E-2,33.75,0.05,67.5,null,2.5,"LAJOTA"]
[null,"RUA 2850",null,"CENTRO","ENTRE 4ª AVENIDA E MARGINAL LESTE",125,7,null,null,875,0,0,875,2.5000000000000001E-2,54.6875,2.5000000000000001E-2,54.6875,0.05,109.375,null,2.5,"LAJOTA"]
[null,"RUA 200",null,"CENTRO","ENTRE 3ª AVENIDA E AVENIDA CENTRAL",191,8,null,null,1528,0,0,1528,2.5000000000000001E-2,95.5,2.5000000000000001E-2,95.5,0.05,191,null,2.5,"LAJOTA"]
[null,"RUA 2050",null,"CENTRO","ENTRE 3ª E 4ª  AVENIDA",422,8,null,null,3376,0,0,3376,2.5000000000000001E-2,211,2.5000000000000001E-2,211,0.05,422,null,2.5,"LAJOTA"]
[null,"RUA 500",null,"CENTRO","ENTRE AV DO ESTADO E 4ª AVENIDA",365,8.5500000000000007,null,null,3120.75,0,3120.75,3120.75,2.5000000000000001E-2,195.046875,2.5000000000000001E-2,195.046875,0.05,390.09375,null,2.5,"ASFALTO"]
[null,"RUA 2070",null,"CENTRO","ENTRE A 2018 E 4ª AV",685,8,null,null,5480,0,0,5480,2.5000000000000001E-2,342.5,2.5000000000000001E-2,342.5,0.05,685,null,2.5,"LAJOTA"]
[null,"RUA 2080",null,"CENTRO","ENTRE A 2000 E 2300",125,8.3000000000000007,null,null,1037.5,0,0,1037.5,2.5000000000000001E-2,64.84375,2.5000000000000001E-2,64.84375,0.05,129.6875,null,2.5,"LAJOTA"]
[null,"RUA 1500",null,"CENTRO","ENTRE 3ª E 4ª AVENIDA",427,8.5,null,null,3629.5,0,3629.5,3629.5,2.5000000000000001E-2,226.84375,2.5000000000000001E-2,226.84375,0.05,453.6875,null,2.5,"ASFALTO"]
[null,"RUA PANAMÁ",null,"NAÇÕES","ENTRE A PALESTINA E PAQUISTÃO",705,5.6,null,null,3948,0,3948,3948,2.5000000000000001E-2,246.75,2.5000000000000001E-2,246.75,0.05,493.5,null,2.5,"ASFALTO"]
[null,"RUA URUGUAI",null,"NAÇÕES","ENTRE A PALESTINA E VANATU",360,8,null,null,2880,0,2880,2880,2.5000000000000001E-2,180,2.5000000000000001E-2,180,0.05,360,null,2.5,"ASFALTO"]
[null,"RUA RIO DE JANEIRO",null,"ESTADOS","ENTRE A RUA BAHIA ATÉ O FINAL",159,11,null,null,1749,1749,0,0,2.5000000000000001E-2,109.3125,2.5000000000000001E-2,109.3125,0.05,218.625,null,2.5,"NATURAL"]
[null,"RUA BAHIA",null,"ESTADOS","ENTRE AV DAS FLORES E RIO DE JANEIRO",150,6.55,null,null,982.5,982.5,0,0,2.5000000000000001E-2,61.40625,2.5000000000000001E-2,61.40625,0.05,122.8125,null,2.5,"NATURAL"]
[null,"RIO GRANDE DO NORTE",null,"ESTADOS","ENTRE A RUA BAHIA ATÉ O FINAL",60,6,null,null,360,360,0,0,2.5000000000000001E-2,22.5,2.5000000000000001E-2,22.5,0.05,45,null,2.5,"NATURAL"]
[null,"RUA GOIÁS",null,"ESTADOS","ENTRE A SANTA CATARINA ATÉ AV DAS FLORES",220,8,null,null,1760,0,1760,1760,2.5000000000000001E-2,110,2.5000000000000001E-2,110,0.05,220,null,2.5,"ASFALTO"]
[null,"DOM GREGÓRIO",null,"IATE CLUBE","TODA EXTENSÃO",416,8.5,null,null,3536,0,3536,3536,2.5000000000000001E-2,221,2.5000000000000001E-2,221,0.05,442,null,2.5,"ASFALTO"]
[null,"RUA FREIRINHA",null,"ARIRIBÁ","DA RUA CODORNA ATÉ O FINAL DA RUA",135,7,null,null,945,0,945,945,2.5000000000000001E-2,59.0625,2.5000000000000001E-2,59.0625,0.05,118.125,null,2.5,"LAJOTA"]
[null,"GRALHA AZUL",null,"ARIRIBÁ","TODA EXTENSÃO",174,7.7,null,null,1339.8,0,1339.8,1339.8,2.5000000000000001E-2,83.737499999999997,2.5000000000000001E-2,83.737499999999997,0.05,167.47499999999999,null,2.5,"ASFALTO"]
[null,"AV DAS ARAPONGAS",null,"ARIRIBÁ","ENTRE AV DOS ESTADOS E RUA SUÉCIA",700,9,null,null,6300,0,6300,6300,2.5000000000000001E-2,393.75,2.5000000000000001E-2,393.75,0.05,787.5,null,2.5,"ASFALTO"]
[null,"RUA JUVÊNCIO DA SILVA",null,"NOVA ESPERANÇA","TODA EXTENSÃO",800,16,null,null,12800,0,12800,12800,2.5000000000000001E-2,800,2.5000000000000001E-2,800,0.05,1600,null,2.5,"ASFALTO"]
[null,"RUA JOSÉ FRANCISCO CORREIA",null,"NOVA ESPERANÇA","TRECHO PARCIAL",750,16,null,null,12000,0,12000,12000,0.03,900,0.03,900,0.06,1800,null,2.5,"ASFALTO"]
[null,"RUA ACADÊMICO WAGNER N. DE CASTRO",null,"NOVA ESPERANÇA","TODA EXTENSÃO",100,7,null,null,700,0,0,700,2.5000000000000001E-2,43.75,2.5000000000000001E-2,43.75,0.05,87.5,null,2.5,"LAJOTA"]
[null,"ALBERTINA HONORATA DA SILVA",null,"NOVA ESPERANÇA","ENTRE A RUA JOSÉ HONORATO ATÉ O FINAL DA RUA",210,8,null,null,1680,1680,0,0,2.5000000000000001E-2,105,2.5000000000000001E-2,105,0.05,210,null,2.5,"NATURAL"]
[null,"RUA JOSÉ CESÁREO PEREIRA",null,"NOVA ESPERANÇA","TODA EXTENSÃO",1300,8,null,null,10400,0,10400,10400,2.5000000000000001E-2,650,2.5000000000000001E-2,650,0.05,1300,null,2.5,"ASFALTO"]
[null,"TOTAL",0,null,null,18886,null,0,0,170710.55,6346.5,134389.54999999999,164364.04999999999,null,11160.409374999999,null,11160.409374999999,null,22320.818749999999]

{"sheet":"DESPESAS_FINANCEIRAS","index":2,"n_rows":7,"n_cols":3,"rows_kept":7,"cut":false,"hidden":false,"merged":[]}
["SELIC (Maio/2022) =",0.1275,"aa"]
[]
["DU =  ","45 dias"]
[]
["DF =",1.02166032147271]
[]
["Conforme Acórdão 2.369/2011 - TCU - Plenário"]

{"sheet":"CALCULO_TAXA_SELIC","index":3,"n_rows":19,"n_cols":5,"rows_kept":19,"cut":false,"hidden":false,"merged":[[16,2,16,3]]}
[]
[]
[null,null,null,"MÊS","TAXA SELIC"]
[null,null,null,"2021-03-01",2E-3]
[null,null,null,"2021-04-01",2.0999999999999999E-3]
[null,null,null,"2021-05-01",2.7000000000000001E-3]
[null,null,null,"2021-06-01",3.0999999999999999E-3]
[null,null,null,"2021-07-01",3.5999999999999999E-3]
[null,null,null,"2021-08-01",4.3E-3]
[null,null,null,"2021-09-01",4.4000000000000003E-3]
[null,null,null,"2021-10-01",4.8999999999999998E-3]
[null,null,null,"2021-11-01",5.8999999999999999E-3]
[null,null,null,"2021-12-01",7.7000000000000002E-3]
[null,null,null,"2022-01-01",7.3000000000000001E-3]
[null,null,null,"2022-02-01",7.6E-3]
[null,null,null,"2022-03-01",9.2999999999999992E-3]
[null,null,"MÉDIA NO PERÍODO",null,5.4083333333333301E-3]
[]
[null,null,null,"MÊS","TAXA SELIC"]

{"sheet":"BDI","index":4,"n_rows":69,"n_cols":17,"rows_kept":69,"cut":false,"hidden":false,"merged":[[6,4,6,5],[7,4,7,5],[8,4,8,5],[10,4,10,5],[11,1,11,3],[11,4,11,5],[32,2,32,5],[13,4,13,5],[16,4,16,5],[17,1,20,3],[23,1,23,8],[25,1,25,2],[25,3,25,8],[27,1,27,5],[28,2,28,5],[29,2,29,5],[30,2,30,5],[31,2,31,5],[50,1,51,8],[33,2,33,5],[33,7,38,8],[38,2,38,5],[40,1,40,6],[41,1,42,1],[41,2,42,2],[41,3,41,5],[41,6,42,6],[42,3,42,5],[44,1,44,6],[45,1,45,5],[46,1,46,5],[48,1,48,8],[49,1,49,8]]}
[]
[]
[null,"PREENCHA OS CAMPOS EM AMARELO"]
[]
[null,null,null,null,null,"digite o nome do Município",null,"Prefeitura Municipal de","Empresa"]
[null,"Tomador/Empresa:",null,null,null,null,0]
[null,"Nº contrato:"]
[null,"Objeto:"]
[null,"Encargos :",null,null,"sem desoneração"]
[]
[null,"Nome orçamentista:"]
[null,"CREA/RS",null,null,null,null,null,"CREA/RS","CAU/RS"]
[]
[null,"Regime de execução:",null,null,null,null,"empreitada por preço global","empreitada por preço unitário",null,null,null,"sem desoneração","desonerados"]
[]
[null,"Alíquota ISSQN:",null,null,2.5,"%",2,5]
[null,"Base de cálculo ISSQN:",null,null,"valor da mão de obra",null,null,null,null,null,null,"valor total da obra","valor da mão de obra"]
[null,"% de Mão de Obra (em relação ao valor total da obra):",null,null,null,"%"]
[]
[]
[]
[]
[]
[null,"Cálculo do BDI conforme Acórdão 2622/2013 TCU"]
[]
[null,"SELECIONE O\nTIPO DE OBRA:",null,"2 - Construção de Rodovias e Ferrovias"]
[]
[null,"Itens",null,null,null,null,"Adotado","MÍN","MÁX",null,null,null,"1 - Construção de Edifícios",null,null,"MIN","MÁX"]
[null,"AC","ADM CENTRAL",null,null,null,4.01,3.8,4.67,"2a",0,10000,"2 - Construção de Rodovias e Ferrovias",null,"1a",3,5.5]
[null,"S+G","SEGURO E GARANTIA",null,null,null,0.4,0.32,0.74,"2b",0,10000,"3 - Construção de Redes de Abastecimento de Água, Coleta de Esgoto e Construções Correlatas",null,"1b",0.8,1]
[null,"R","RISCO",null,null,null,0.56000000000000005,0.5,0.97,"2c",0,10000,"4 - Construção e Manutenção de Estações e Redes de Distribuição de Energia Elétrica",null,"1c",0.97,1.27]
[null,"DF"," DESP. FINANCEIRAS",null,null,null,1.02,1.02,1.21,"2d",0,10000,"5 - Obras Portuárias, Marítimas e Fluviais",null,"1d",0.59,1.39]
[null,"L","LUCRO",null,null,null,7.3,6.64,8.69,"2e",0,10000,"6 - Fornecimento de Materiais e Equipamentos",null,"1e",6.16,8.9600000000000009]
[null,"I","IMPOSTOS (Onerado)",null,null,null,6.15,"conf. Legislação",null,null,null,null,null,null,"2a",3.8,4.67]
[null,null,null,"PIS",null,null,0.65,null,null,null,0,10000]
[null,null,null,"COFINS",null,null,3,null,null,null,0,10000]
[null,null,null,"ISSQN (Alíquota x %Base de cálculo)",null,null,2.5]
[null,null,null,"CPRB (p/ desonerado)",null,null,"0"]
[null,"I","IMPOSTOS (Desonerado)",null,null,null,6.15,null,null,null,null,null,null,null,"2b",0.32,0.74]
[null,null,null,null,null,null,null,null,null,null,null,null,null,null,"2c",0.5,0.97]
[null,"Fórmula do BDI",null,null,null,null,null,null,null,null,null,null,null,null,"2d",1.02,1.21]
[null,null,"BDI =","(1 + AC + S + G + R) * (1 + DF) * (1 + L)",null,null,-1,null,null,null,null,null,null,null,"2e",6.64,8.69]
[null,null,null,"(1 - I)",null,null,null,null,null,null,null,null,null,null,"3a",3.43,6.71]
[null,null,null,null,null,null,null,null,null,null,null,null,null,null,"3b",0.28000000000000003,0.75]
[null,"BDI Resultante",null,null,null,null,null,"MÍN","MÁX",null,null,null,null,null,"3c",1,1.74]
[null,"BDI Sem Desoneração:",null,null,null,null,21.24,19.600000000000001,24.23,"2F",null,null,null,null,"3d",0.94,1.17]
[null,"BDI Desonerado:",null,null,null,null,21.24,null,null,0,null,null,null,null,"3e",6.74,9.4]
[]
[null,"IMPORTANTE: Se o percentual total do BDI exceder o máximo previsto pelo Acórdão 2622/20013, o detalhamento do BDI deve ser acompanhado de relatório técnico circunstanciado, justificando a adoção do percentual adotado para cada parcela do BDI, assinado pelo profissional responsável técnico do orçamento, usando como diretriz os percentuais máximos e mínimos previstos para cada item."]
[null,"* O BDI máximo pode ser ultrapassado nos casos em que a empresa vencedora da licitação se enquadre na desoneração (conforme Medida Provisória 601/2012). Neste caso, após definir o BDI \"sem desoneração\" respeitando os limites das tabelas acima, o cálculo do BDI \"desonerado\" é feito acrescentando 2% ao item \"I - PIS, COFINS e ISSQN\", sem alterar as demais parcelas da fórmula.",null,null,null,null,null,null,null,null,null,null,null,null,"4b",0.25,0.56000000000000005]
[null,"* IMPORTANTE: Esta planilha foi desenvolvida para abranger às situações mais comuns. Poderá haver situações em que este modelo não se aplica. Não é obrigatório o uso desta planilha.",null,null,null,null,null,null,null,null,null,null,null,null,"4c",1,1.97]
[null,null,null,null,null,null,null,null,null,null,null,null,null,null,"4d",1.01,1.1100000000000001]
[null,null,null,null,null,null,null,null,null,null,null,null,null,null,"4e",8,9.51]
[null,null,null,null,null,null,null,null,null,null,null,null,null,null,"5a",4,7.85]
[null,null,null,null,null,null,null,null,null,null,null,null,null,null,"5b",0.81,1.99]
[null,null,null,null,null,null,null,null,null,null,null,null,null,null,"5c",1.46,3.16]
[null,null,null,null,null,null,null,null,null,null,null,null,null,null,"5d",0.94,1.33]
[null,null,null,null,null,null,null,null,null,null,null,null,null,null,"5e",7.14,10.43]
[null,null,null,null,null,null,null,null,null,null,null,null,null,null,"6a",1.5,4.49]
[null,null,null,null,null,null,null,null,null,null,null,null,null,null,"6b",0.3,0.82]
[null,null,null,null,null,null,null,null,null,null,null,null,null,null,"6c",0.56000000000000005,0.89]
[null,null,null,null,null,null,null,null,null,null,null,null,null,null,"6d",0.85,1.1100000000000001]
[null,null,null,null,null,null,null,null,null,null,null,null,null,null,"6e",3.5,6.22]
[null,null,null,null,null,null,null,null,null,null,null,null,null,null,"1f",20.34,25]
[null,null,null,null,null,null,null,null,null,null,null,null,null,null,"2f",19.600000000000001,24.23]
[null,null,null,null,null,null,null,null,null,null,null,null,null,null,"3f",20.76,26.44]
[null,null,null,null,null,null,null,null,null,null,null,null,null,null,"4f",24,27.86]
[null,null,null,null,null,null,null,null,null,null,null,null,null,null,"5f",22.8,30.95]
[null,null,null,null,null,null,null,null,null,null,null,null,null,null,"6f",11.1,16.8]

{"sheet":"CALCULO_BDI_MEDIO_SERVIÇO","index":5,"n_rows":23,"n_cols":4,"rows_kept":23,"cut":false,"hidden":false,"merged":[[1,1,3,7],[4,2,7,8],[20,1,20,2]]}
[]
[null,"CÁLCULO DE B.D.I -  OBRAS DE INFRAESTRUTURA (SERVIÇOS)"]
[]
[]
[null,"OBRA","Contratação de empresa com capacidade técnica para execução de serviços de pavimentação asfáltica e fresagem, fornecimento de materiais, pessoal e equipamentos, para manutenção e conservação de vias já consolidadas; execução de travessias elevadas; manutenção, conservação e ampliação de ciclovias em toda extensão do Município de Balneário Camboriú/SC"]
[]
[]
[]
[]
[null,"Símbolo","Composição do BDI","Percentual"]
[null,"AC","Administração Central",4.0099999999999997E-2]
[null,"S + G","Seguro/Garantia",4.0000000000000001E-3]
[null,"R","Risco",5.5999999999999999E-3]
[null,"DF","Despesas Financeiras",1.0200000000000001E-2]
[null,"L","Lucro",7.2999999999999995E-2]
[null,"I","Impostos",6.1499999999999999E-2]
[null,null,"PIS",6.4999999999999997E-3]
[null,null,"COFINS",0.03]
[null,null,"ISSQN",2.5000000000000001E-2]
[null,null,"CPRB",0]
[null,"BDI (%)",null,0.21240000000000001]
[]
[null,"Data de Referência: setembro/2024"]

{"sheet":"CALCULO_BDI_MEDIO_DIFERENCIADO","index":6,"n_rows":31,"n_cols":4,"rows_kept":31,"cut":false,"hidden":false,"merged":[[7,1,9,5],[10,2,10,5],[28,1,28,2]]}
[]
[]
[]
[]
[]
[]
[]
[null,"CÁLCULO DE B.D.I DIFERENCIADO - PAVIMENTAÇÃO ASFÁLTICA"]
[]
[]
[null,"OBRA","REQUALIFICAÇÃO DO SISTEMA VIÁRIO"]
[null,null,"09/2024"]
[]
[]
[]
[null,"Símbolo","Composição do BDI","Percentual"]
[]
[null,"L","Lucro",5.11E-2]
[null,"AC","Administração Central",3.4500000000000003E-2]
[null,"DF","Despesas Financeiras",3.2801000000000002E-3]
[null,"I","ISSQN + PIS + COFINS + CPRB"]
[null,null,"ISSQN",0]
[null,null,"PIS",6.4999999999999997E-3]
[null,null,"COFINS",0.03]
[null,null,"CPRB",0]
[null,"R","Risco",8.5000000000000006E-3]
[null,"S","Seguro/Garantia",4.7999999999999996E-3]
[]
[null,"BDI (%)",null,0.14680000000000001]
[]
[null,"Data de Referência: setembro/2024"]

{"sheet":"MOBILIZAÇÃO_E_DESMOBILIZAÇÃO_SI","index":7,"n_rows":25,"n_cols":14,"rows_kept":25,"cut":false,"hidden":false,"merged":[[0,0,1,13],[2,0,2,13],[3,0,7,0],[3,1,7,9],[3,10,4,10],[3,11,4,11],[3,12,4,12],[3,13,4,13],[5,10,7,10],[5,11,7,11],[22,0,22,12],[23,0,23,12],[24,0,24,12],[5,12,7,12],[5,13,7,13],[8,0,8,13],[19,0,19,13],[20,0,20,12],[21,0,21,12]]}
[]
[]
["COMPOSIÇÃO DE CUSTO UNITÁRIO"]
["DESCRIÇÃO:","MOBILIZAÇÃO E DESMOBILIZAÇÃO DE EQUIPAMENTOS DE ASFALTO",null,null,null,null,null,null,null,null,"ITEM:","1.1.1","UNIDADE:","UN"]
[]
[null,null,null,null,null,null,null,null,null,null,"COMPOSIÇÃO BASE:","-","DATA BASE:","ABRIL/24"]
[]
[]
[]
["Item","Código","Discriminação","Unid.","Quantidade","Código transportador","Origem","Destino","DM","K","FU","V","CH","Custo Total"]
[1,"E9762","Rolo compactador de pneus autopropelido de 27 t - 85 kW","und.",1,"E9666","REGIÃO VALE DO ITAJAÍ","BALNEÁRIO CAMBORIÚ/SC",50,2,0.5,60,411.60550000000001,343.00458333333302]
[2,"E9681","Rolo compactador liso tandem vibratório autopropelido de 10,4 t - 82 kW","und.",1,"E9666","REGIÃO VALE DO ITAJAÍ","BALNEÁRIO CAMBORIÚ/SC",50,1,0.5,60,411.60550000000001,171.50229166666699]
[3,"E9545","Vibroacabadora de asfalto sobre esteiras - 82 kW","und.",1,"E9018","REGIÃO VALE DO ITAJAÍ","BALNEÁRIO CAMBORIÚ/SC",50,2,0.5,60,520.44330000000002,433.70274999999998]
[4,"E9096","Minicarregadeira de pneus - 45,50 kW","und.",1,"E9665","REGIÃO VALE DO ITAJAÍ","BALNEÁRIO CAMBORIÚ/SC",50,2,0.33,60,387.0573,212.88151500000001]
[5,"E9579","Caminhão basculante com capacidade de 10 m³ - 210 kW","und.",1,"E9579","REGIÃO VALE DO ITAJAÍ","BALNEÁRIO CAMBORIÚ/SC",50,2,1,60,295.7079,492.84649999999999]
[6,"E9571","Caminhão tanque com capacidade de 10.000 l - 188 kW","und.",1,"E9571","REGIÃO VALE DO ITAJAÍ","BALNEÁRIO CAMBORIÚ/SC",50,2,1,60,322.17649999999998,536.96083333333297]
[7,"E9509","Caminhão tanque distribuidor de asfalto com capacidade de 6.000 l - 7 kW/136 kW","und.",1,"E9509","REGIÃO VALE DO ITAJAÍ","BALNEÁRIO CAMBORIÚ/SC",50,2,1,60,256.9819,428.30316666666698]
[8,"E9134","Miniônibus com capacidade para 30 passageiros - 111 kW","und.",1,"E9134","REGIÃO VALE DO ITAJAÍ","BALNEÁRIO CAMBORIÚ/SC",50,1,1,60,222.1455,185.12125]
[9,"E9512","Veículo leve - 53 kW","und.",1,"E9512","REGIÃO VALE DO ITAJAÍ","BALNEÁRIO CAMBORIÚ/SC",50,1,1,60,62.298200000000001,51.9151666666667]
[]
["MOBILIZAÇÃO",null,null,null,null,null,null,null,null,null,null,null,null,2856.2380566666702]
["DESMOBILIZAÇÃO",null,null,null,null,null,null,null,null,null,null,null,null,2856.2380566666702]
["CUSTO TOTAL MOBILIZAÇÃO E DESMOBILIZAÇÃO - ABRIL/2024",null,null,null,null,null,null,null,null,null,null,null,null,5712.4761133333304]
["REAJUSTE: I0 = SET/24 ; I1=OUT/24 - MOBILIZAÇÃO E DESMOBILIZAÇÃO FGV/DNIT",null,null,null,null,null,null,null,null,null,null,null,null,1.0269045061211]
["CUSTO - OUTUBRO/2024",null,null,null,null,null,null,null,null,null,null,null,null,5866.1674618911502]

{"sheet":"MOBILIZAÇÃO_DE_FRESADORA__SICRO","index":8,"n_rows":18,"n_cols":14,"rows_kept":18,"cut":false,"hidden":false,"merged":[[0,0,1,13],[2,0,2,13],[3,0,7,0],[3,1,7,9],[3,10,4,10],[3,11,4,11],[3,12,4,12],[3,13,4,13],[5,10,7,10],[5,11,7,11],[15,0,15,12],[16,0,16,12],[17,0,17,12],[5,12,7,12],[5,13,7,13],[8,0,8,13],[12,0,12,13],[13,0,13,12],[14,0,14,12]]}
[]
[]
["COMPOSIÇÃO DE CUSTO UNITÁRIO"]
["DESCRIÇÃO:","MOBILIZAÇÃO E DESMOBILIZAÇÃO DE EQUIPAMENTOS DE ASFALTO",null,null,null,null,null,null,null,null,"ITEM:","1.1.2","UNIDADE:","UN"]
[]
[null,null,null,null,null,null,null,null,null,null,"COMPOSIÇÃO BASE:","-","DATA BASE:","ABRIL/24"]
[]
[]
[]
["Item","Código","Discriminação","Unid.","Quantidade","Código transportador","Origem","Destino","DM","K","FU","V","CH","Custo Total"]
[1,"E9096","Minicarregadeira de pneus - 45,50 kW","und.",1,"E9665","REGIÃO VALE DO ITAJAÍ","BALNEÁRIO CAMBORIÚ/SC",50,2,0.33,60,387.0573,212.88151500000001]
[2,"E9579","Caminhão basculante com capacidade de 10 m³ - 210 kW","und.",1,"E9579","REGIÃO VALE DO ITAJAÍ","BALNEÁRIO CAMBORIÚ/SC",50,2,1,60,295.7079,492.84649999999999]
[]
["MOBILIZAÇÃO",null,null,null,null,null,null,null,null,null,null,null,null,705.72801500000003]
["DESMOBILIZAÇÃO",null,null,null,null,null,null,null,null,null,null,null,null,705.72801500000003]
["CUSTO TOTAL MOBILIZAÇÃO E DESMOBILIZAÇÃO - ABRIL/2024",null,null,null,null,null,null,null,null,null,null,null,null,1411.4560300000001]
["REAJUSTE: I0 = SET/24 ; I1=OUT/24 - MOBILIZAÇÃO E DESMOBILIZAÇÃO FGV/DNIT",null,null,null,null,null,null,null,null,null,null,null,null,1.0269045061211]
["CUSTO - OUTUBRO/2024",null,null,null,null,null,null,null,null,null,null,null,null,1449.4305573987999]

{"sheet":"ENGENHEIRO_SICRO","index":9,"n_rows":27,"n_cols":11,"rows_kept":27,"cut":false,"hidden":false,"merged":[[0,0,1,10],[2,0,2,10],[3,0,7,0],[3,1,7,6],[3,7,4,7],[3,8,4,8],[3,9,4,9],[3,10,4,10],[5,7,7,7],[5,8,7,8],[5,9,7,9],[5,10,7,10],[8,0,8,10],[9,0,10,0],[9,1,10,1],[9,2,10,2],[9,3,10,3],[9,4,10,4],[9,5,9,6],[9,7,9,8],[24,0,24,9],[25,0,25,9],[26,0,26,9],[9,9,10,9],[9,10,10,10],[19,0,19,10],[20,0,20,10],[22,5,22,8],[23,0,23,10]]}
[]
[]
["COMPOSIÇÃO DE CUSTO UNITÁRIO"]
["DESCRIÇÃO:","EQUIPE DE GERÊNCIA TÉCNICA ",null,null,null,null,null,"ITEM:","1.2.1","UNIDADE:","EQUIPE X TON"]
[]
[null,null,null,null,null,null,null,"COMPOSIÇÃO BASE:","-","DATA BASE:","ABRIL/24"]
[]
[]
[]
["Código","Discriminação","Unid.","Quantidade","Quantidade de meses","Utilização",null,"Custo Horário (R$)",null,"Custo unitário","Custo total"]
[null,null,null,null,null,"Produtiva","Improdutiva","Produtivo","Improdutivo"]
[null,"Gerencia técnica"]
[null,"Mão de obra"]
["P9812","Engenheiro (produção)","und",1,null,null,null,null,null,25715.604599999999,25715.604599999999]
[null,"Veículos"]
["E9512","Veículo leve - 53 Kw (engenheiro)","und (h)",1,null,44,176,62.298200000000001,33.770299999999999,8684.6936000000005,8684.6936000000005]
[null,"Auxiliar"]
[null,"Mão de obra"]
["P9903","Auxiliar técnico (medições)","und",1,null,null,null,null,null,4742.7087000000001,4742.7087000000001]
[]
["Resumo:"]
[null,"Descriminação","unidade","equipexmês","Meses",null,null,null,null,"Custo unt","Custo total"]
[null,"Equipe de gerência técnica","equipe x mês",0.5,12,null,null,null,null,39143.0069,234858.04139999999]
[]
["CUSTO  - ABRIL/2024",null,null,null,null,null,null,null,null,null,234858.04139999999]
["REAJUSTE: I0 = SET/24 ; I1=OUT/24 - ADMINISTRAÇÃO LOCAL FGV/DNIT",null,null,null,null,null,null,null,null,null,1.02848118499156]
["CUSTO - OUTUBRO/2024",null,null,null,null,null,null,null,null,null,241547.07672386899]

{"sheet":"ENC__DE_PAVIMENTAÇÃO_SICRO","index":10,"n_rows":22,"n_cols":11,"rows_kept":22,"cut":false,"hidden":false,"merged":[[0,0,1,10],[2,0,2,10],[3,0,7,0],[3,1,7,6],[3,7,4,7],[3,8,4,8],[3,9,4,9],[3,10,4,10],[5,7,7,7],[5,8,7,8],[5,9,7,9],[5,10,7,10],[8,0,8,10],[9,0,10,0],[9,1,10,1],[9,2,10,2],[9,3,10,3],[9,4,10,4],[9,5,9,6],[9,7,9,8],[19,0,19,9],[20,0,20,9],[21,0,21,9],[9,9,10,9],[9,10,10,10],[14,0,14,10],[15,0,15,10],[17,5,17,8],[18,0,18,10]]}
[]
[]
["COMPOSIÇÃO DE CUSTO UNITÁRIO"]
["DESCRIÇÃO:","EQUIPE DE FRENTE DE SERVIÇO (ENCARREGADO E APONTADOR)",null,null,null,null,null,"ITEM:","1.2.2","UNIDADE:","EQUIPE X TON"]
[]
[null,null,null,null,null,null,null,"COMPOSIÇÃO BASE:","-","DATA BASE:","ABRIL/24"]
[]
[]
[]
["Código","Discriminação","Unid.","Quantidade","Quantidade de meses","Utilização",null,"Custo Horário (R$)",null,"Custo unitário","Custo total"]
[null,null,null,null,null,"Produtiva","Improdutiva","Produtivo","Improdutivo"]
[null,"Equipe de frente de serviço"]
["P9812","Encarregado de pavimentação","und",1,null,null,null,null,null,8065.9913999999999,8065.9913999999999]
["P9903","Apontador","und",1,null,null,null,null,null,4613.9480000000003,4613.9480000000003]
[]
["Resumo:"]
[null,"Descriminação","unidade","equipexmês","Meses",null,null,null,null,"Custo unt","Custo total"]
[null,"Equipe de frente de serviço","equipe x mês",1,12,null,null,null,null,12679.939399999999,152159.27280000001]
[]
["CUSTO  - ABRIL/2024",null,null,null,null,null,null,null,null,null,152159.27280000001]
["REAJUSTE: I0 = SET/24 ; I1=OUT/24 - ADMINISTRAÇÃO LOCAL FGV/DNIT",null,null,null,null,null,null,null,null,null,1.02848118499156]
["CUSTO - OUTUBRO/2024",null,null,null,null,null,null,null,null,null,156492.949196798]

{"sheet":"LABORATÓRIO_DE_ASFALTO_SICRO","index":11,"n_rows":34,"n_cols":11,"rows_kept":34,"cut":false,"hidden":false,"merged":[[0,0,1,10],[2,0,2,10],[3,0,7,0],[3,1,7,6],[3,7,4,7],[3,8,4,8],[3,9,4,9],[3,10,4,10],[5,7,7,7],[5,8,7,8],[5,9,7,9],[5,10,7,10],[8,0,8,10],[9,0,10,0],[9,1,10,1],[9,2,10,2],[9,3,10,3],[9,4,10,4],[9,5,9,6],[9,7,9,8],[26,0,26,10],[9,9,10,9],[9,10,10,10],[17,0,17,9],[18,0,18,10],[19,1,19,10],[20,1,20,6],[21,1,21,6],[22,1,22,6],[23,1,23,6],[24,1,24,9],[25,1,25,9],[33,0,33,9],[27,0,27,10],[28,4,28,8],[29,4,29,8],[30,0,30,10],[31,0,31,9],[32,0,32,9]]}
[]
[]
["COMPOSIÇÃO DE CUSTO UNITÁRIO"]
["DESCRIÇÃO:","LABORATÓRIO DE ASFALTO ",null,null,null,null,null,"ITEM:","1.2.3","UNIDADE:","UN"]
[]
[null,null,null,null,null,null,null,"COMPOSIÇÃO BASE:","-","DATA BASE:","ABRIL/24"]
[]
[]
[]
["Código","Discriminação","Unid.","Quantidade","Quantidade de meses","Utilização",null,"Custo Horário (R$)",null,"Custo unitário","Custo total"]
[null,null,null,null,null,"Produtiva","Improdutiva","Produtivo","Improdutivo"]
[null,"Equipe de controle tecnológico"]
["Código","Mão de obra"]
["P9858","Laboratorista","und",1,null,null,null,null,null,6610.8434999999999,6610.8434999999999]
["P9833","Auxiliar de laboratório","und",2,null,null,null,null,null,5015.2411000000002,10030.4822]
["Código","Veículos"]
["E9512","Veículo leve - 53 kW (laboratório)","und (h)",1,null,44,176,62.298200000000001,33.770299999999999,8684.6936000000005,8684.6936000000005]
["Total equipe de controle tecnológico:",null,null,null,null,null,null,null,null,null,25326.0193]
[]
[null,"Equipes de laboratório de asfaltos"]
["Código","Discriminação",null,null,null,null,null,"Unid.","QP","QE","ELC"]
["4011352","Imprimação com emulsão asfáltica",null,null,null,null,null,"m²",6000,1610000,3.7267080745341601E-3]
["4011353","Pintura de ligação",null,null,null,null,null,"m²",190000,3610000,5.2631578947368397E-2]
["4011464","Concreto asfáltico - faixa C - massa comercial",null,null,null,null,null,"t",23750,9000,2.6388888888888902]
[null,"Total equipe x mês de controle tecnológico",null,null,null,null,null,null,null,null,2.6952471759107901]
[null,"Quantidade média de funcionários de controle tecnológico",null,null,null,null,null,null,null,null,3]
[]
["Resumo:"]
[null,"Descriminação","unidade","equipexmês",null,null,null,null,null,"Custo unt","Custo total"]
[null,"Equipe de Controle tecnológico","equipe x mês",2.6952471759107901,null,null,null,null,null,25326.0193,68259.881995387201]
[]
["CUSTO - ABRIL/2024",null,null,null,null,null,null,null,null,null,68259.881995387201]
["REAJUSTE: I0 = SET/24 ; I1=OUT/24 - ADMINISTRAÇÃO LOCAL FGV/DNIT",null,null,null,null,null,null,null,null,null,1.02848118499156]
["CUSTO - OUTUBRO/2024",null,null,null,null,null,null,null,null,null,70204.004321999906]

{"sheet":"LABORATÓRIO_DE_MICRORREVESTIMEN","index":12,"n_rows":32,"n_cols":11,"rows_kept":32,"cut":false,"hidden":false,"merged":[[0,0,1,10],[2,0,2,10],[3,0,7,0],[3,1,7,6],[3,7,4,7],[3,8,4,8],[3,9,4,9],[3,10,4,10],[5,7,7,7],[5,8,7,8],[5,9,7,9],[5,10,7,10],[8,0,8,10],[9,0,10,0],[9,1,10,1],[9,2,10,2],[9,3,10,3],[9,4,10,4],[9,5,9,6],[9,7,9,8],[26,4,26,8],[9,9,10,9],[9,10,10,10],[17,0,17,9],[18,0,18,10],[19,1,19,10],[20,1,20,6],[21,1,21,6],[22,1,22,9],[23,1,23,9],[24,0,24,10],[25,0,25,10],[27,4,27,8],[28,0,28,10],[29,0,29,9],[30,0,30,9],[31,0,31,9]]}
[]
[]
["COMPOSIÇÃO DE CUSTO UNITÁRIO"]
["DESCRIÇÃO:","LABORATÓRIO DE MICRORREVESTIMENTO ",null,null,null,null,null,"ITEM:","1.2.4","UNIDADE:","UN"]
[]
[null,null,null,null,null,null,null,"COMPOSIÇÃO BASE:","-","DATA BASE:","ABRIL/24"]
[]
[]
[]
["Código","Discriminação","Unid.","Quantidade","Quantidade de meses","Utilização",null,"Custo Horário (R$)",null,"Custo unitário","Custo total"]
[null,null,null,null,null,"Produtiva","Improdutiva","Produtivo","Improdutivo"]
[null,"Equipe de controle tecnológico"]
["Código","Mão de obra"]
["P9858","Laboratorista","und",1,null,null,null,null,null,6610.8434999999999,6610.8434999999999]
["P9833","Auxiliar de laboratório","und",2,null,null,null,null,null,5015.2411000000002,10030.4822]
["Código","Veículos"]
["E9512","Veículo leve - 53 kW (laboratório)","und (h)",1,null,44,176,62.298200000000001,33.770299999999999,8684.6936000000005,8684.6936000000005]
["Total equipe de controle tecnológico:",null,null,null,null,null,null,null,null,null,25326.0193]
[]
[null,"Equipes de laboratório de asfaltos"]
["Código","Discriminação",null,null,null,null,null,"Unid.","QP","QE","ELC"]
[4011408,"MICRORREVESTIMENTO A FRIO COM EMULSÃO MODIFICADA COM POLÍMERO DE 0,8CM - FAIXA II - BRITA COMERCIAL (02 CAMADAS)",null,null,null,null,null,"m²",20000,161000,0.12422360248447201]
[null,"Total equipe x mês de controle tecnológico",null,null,null,null,null,null,null,null,0.12422360248447201]
[null,"Quantidade média de funcionários de controle tecnológico",null,null,null,null,null,null,null,null,3]
[]
["Resumo:"]
[null,"Descriminação","unidade","equipexmês",null,null,null,null,null,"Custo unt","Custo total"]
[null,"Equipe de Controle tecnológico","equipe x mês",0.12422360248447201,null,null,null,null,null,25326.0193,3146.0893540372699]
[]
["CUSTO - ABRIL/2024",null,null,null,null,null,null,null,null,null,3146.0893540372699]
["REAJUSTE: I0 = SET/24 ; I1=OUT/24 - ADMINISTRAÇÃO LOCAL FGV/DNIT",null,null,null,null,null,null,null,null,null,1.02848118499156]
["CUSTO - OUTUBRO/2024",null,null,null,null,null,null,null,null,null,3235.69370692958]

{"sheet":"EXEC__DE_PAV__SINAPI_REF_95995","index":13,"n_rows":44,"n_cols":10,"rows_kept":44,"cut":false,"hidden":false,"merged":[[2,4,4,6],[7,1,7,8],[30,2,30,9]]}
[]
[]
[null,null,null,null,"EXECUÇÃO DE PAVIMENTO COM APLICAÇÃO DE CONCRETO ASFÁLTICO, CAMADA DE ROLAMENTO - EXCLUSIVE CARGA E TRANSPORTE _ AF 11/2019  "]
[]
[null,null,"Lista de Composição  Direta"]
[]
[]
[null,95995]
[null,"Banco","Tipo","Código","Descrição","Unidade","Quant.","Custo Unit.","Custo Total"]
[null,"SINAPI-5/2023","Composição",5835,"VIBROACABADORA DE ASFALTO SOBRE ESTEIRAS, LARGURA DE PAVIMENTAÇÃO 1,90 M A 5,30 M, POTÊNCIA 105 HP CAPACIDADE 450 T/H - CHP DIURNO. AF_11/2014","CHP",4.6399999999999997E-2,381.25,17.68]
[null,"SINAPI-5/2023","Composição",88314,"RASTELEIRO COM ENCARGOS COMPLEMENTARES","H",1.1301000000000001,30.67,34.660167000000001]
[null,"SINAPI-5/2023","Composição",95632,"ROLO COMPACTADOR VIBRATORIO TANDEM, ACO LISO, POTENCIA 125 HP, PESO SEM/COM LASTRO 10,20/11,65 T, LARGURA DE TRABALHO 1,73 M - CHI DIURNO. AF_11/2016","CHI",6.0699999999999997E-2,84.09,5.1042630000000004]
[null,"SINAPI-5/2023","Composição",96155,"TRATOR DE PNEUS COM POTÊNCIA DE 85 CV, TRAÇÃO 4X4, COM VASSOURA MECÂNICA ACOPLADA - CHI DIURNO. AF_02/2017","CHI",0.1071,54.43,5.82]
[null,"SINAPI-5/2023","Composição",96157,"TRATOR DE PNEUS COM POTÊNCIA DE 85 CV, TRAÇÃO 4X4, COM VASSOURA MECÂNICA ACOPLADA - CHP DIURNO. AF_03/2017","CHP",3.4099999999999998E-2,141.31,4.8099999999999996]
[null,"SINAPI-5/2023","Composição",96464,"ROLO COMPACTADOR DE PNEUS, ESTATICO, PRESSAO VARIAVEL, POTENCIA 110 HP, PESO SEM/COM LASTRO 10,8/27 T, LARGURA DE ROLAGEM 2,30 M - CHI DIURNO. AF_06/2017","CHI",9.9000000000000005E-2,89.84,8.8941599999999994]
[null,"SINAPI-5/2023","Composição",96463,"ROLO COMPACTADOR DE PNEUS, ESTATICO, PRESSAO VARIAVEL, POTENCIA 110 HP, PESO SEM/COM LASTRO 10,8/27 T, LARGURA DE ROLAGEM 2,30 M - CHP DIURNO. AF_06/2017","CHP",4.19E-2,211.1,8.84]
[null,"SINAPI-5/2023","Composição",91386,"CAMINHÃO BASCULANTE 10 M3, TRUCADO CABINE SIMPLES, PESO BRUTO TOTAL 23.000 KG, CARGA ÚTIL MÁXIMA 15.935 KG, DISTÂNCIA ENTRE EIXOS 4,80 M, POTÊNCIA 230 CV INCLUSIVE CAÇAMBA METÁLICA - CHP DIURNO. AF_06/2014","CHP",4.6399999999999997E-2,268.66000000000003,12.46]
[null,"SINAPI-5/2023","Composição",5837,"VIBROACABADORA DE ASFALTO SOBRE ESTEIRAS, LARGURA DE PAVIMENTAÇÃO 1,90 M A 5,30 M, POTÊNCIA 105 HP CAPACIDADE 450 T/H - CHI DIURNO. AF_11/2014","CHI",9.4899999999999998E-2,151.54,14.381145999999999]
[null,"SINAPI-5/2023","Composição",95631,"ROLO COMPACTADOR VIBRATORIO TANDEM, ACO LISO, POTENCIA 125 HP, PESO SEM/COM LASTRO 10,20/11,65 T, LARGURA DE TRABALHO 1,73 M - CHP DIURNO. AF_11/2016","CHP",8.0500000000000002E-2,224.96,18.100000000000001]
[null,"SINAPI-5/2023","Insumo",1518,"CONCRETO BETUMINOSO USINADO A QUENTE (CBUQ) PARA PAVIMENTACAO ASFALTICA, PADRAO DNIT, FAIXA C, COM CAP 50/70 - AQUISICAO POSTO USINA","T",2.5548000000000002,0,0]
[null,null,null,null,null,null,null,"Total",130.74973600000001]
[]
[]
[]
[]
[]
[]
[null,null,null,"Lista de Composição  Direta"]
[]
[]
[null,null,95995]
[null,null,"Banco","Tipo","Código","Descrição","Unidade","Quant.","Custo Unit.","Custo Total"]
[null,null,"SINAPI-3/2021","Composição",5835,"VIBROACABADORA DE ASFALTO SOBRE ESTEIRAS, LARGURA DE PAVIMENTAÇÃO 1,90 M A 5,30 M, POTÊNCIA 105 HP CAPACIDADE 450 T/H - CHP DIURNO. AF_11/2014","CHP",4.6399999999999997E-2,251.81,0]
[null,null,"SINAPI-3/2021","Composição",95631,"ROLO COMPACTADOR VIBRATORIO TANDEM, ACO LISO, POTENCIA 125 HP, PESO SEM/COM LASTRO 10,20/11,65 T, LARGURA DE TRABALHO 1,73 M - CHP DIURNO. AF_11/2016","CHP",8.0500000000000002E-2,147.44999999999999,0]
[null,null,"SINAPI-3/2021","Composição",88314,"RASTELEIRO COM ENCARGOS COMPLEMENTARES","H",1.1301000000000001,16.489999999999998,0]
[null,null,"SINAPI-3/2021","Composição",95632,"ROLO COMPACTADOR VIBRATORIO TANDEM, ACO LISO, POTENCIA 125 HP, PESO SEM/COM LASTRO 10,20/11,65 T, LARGURA DE TRABALHO 1,73 M - CHI DIURNO. AF_11/2016","CHI",6.0699999999999997E-2,50.45,0]
[null,null,"SINAPI-3/2021","Composição",96155,"TRATOR DE PNEUS COM POTÊNCIA DE 85 CV, TRAÇÃO 4X4, COM VASSOURA MECÂNICA ACOPLADA - CHI DIURNO. AF_02/2017","CHI",0.1071,37.9,4.05]
[null,null,"SINAPI-3/2021","Composição",96157,"TRATOR DE PNEUS COM POTÊNCIA DE 85 CV, TRAÇÃO 4X4, COM VASSOURA MECÂNICA ACOPLADA - CHP DIURNO. AF_03/2017","CHP",3.4099999999999998E-2,133,0]
[null,null,"SINAPI-3/2021","Composição",96464,"ROLO COMPACTADOR DE PNEUS, ESTATICO, PRESSAO VARIAVEL, POTENCIA 110 HP, PESO SEM/COM LASTRO 10,8/27 T, LARGURA DE ROLAGEM 2,30 M - CHI DIURNO. AF_06/2017","CHI",9.9000000000000005E-2,54,0]
[null,null,"SINAPI-3/2021","Composição",96463,"ROLO COMPACTADOR DE PNEUS, ESTATICO, PRESSAO VARIAVEL, POTENCIA 110 HP, PESO SEM/COM LASTRO 10,8/27 T, LARGURA DE ROLAGEM 2,30 M - CHP DIURNO. AF_06/2017","CHP",4.19E-2,137.47999999999999,0]
[null,null,"SINAPI-3/2021","Composição",91386,"CAMINHÃO BASCULANTE 10 M3, TRUCADO CABINE SIMPLES, PESO BRUTO TOTAL 23.000 KG, CARGA ÚTIL MÁXIMA 15.935 KG, DISTÂNCIA ENTRE EIXOS 4,80 M, POTÊNCIA 230 CV INCLUSIVE CAÇAMBA METÁLICA - CHP DIURNO. AF_06/2014","CHP",4.6399999999999997E-2,171.9,0]
[null,null,"SINAPI-3/2021","Composição",5837,"VIBROACABADORA DE ASFALTO SOBRE ESTEIRAS, LARGURA DE PAVIMENTAÇÃO 1,90 M A 5,30 M, POTÊNCIA 105 HP CAPACIDADE 450 T/H - CHI DIURNO. AF_11/2014","CHI",9.4899999999999998E-2,94.36,0]
[null,null,"SINAPI-3/2021","Insumo",1518,"CONCRETO BETUMINOSO USINADO A QUENTE (CBUQ) PARA PAVIMENTACAO ASFALTICA, PADRAO DNIT, FAIXA C, COM CAP 50/70 - AQUISICAO POSTO USINA","T",2.5548000000000002,340,0]
[null,null,null,null,null,null,null,null,"Total",4.05]

{"sheet":"USINAGEM_SICRO_REF_6416078","index":14,"n_rows":28,"n_cols":8,"rows_kept":28,"cut":false,"hidden":false,"merged":[[0,0,1,7],[2,0,2,7],[3,0,7,0],[3,1,7,3],[3,4,4,4],[3,5,4,5],[3,6,4,6],[3,7,4,7],[5,4,7,4],[5,5,7,5],[26,0,26,6],[27,0,27,6],[5,6,7,6],[5,7,7,7],[8,0,8,7],[9,0,23,7],[24,0,24,7],[25,0,25,6]]}
[]
[]
["COMPOSIÇÃO DE CUSTO UNITÁRIO"]
["DESCRIÇÃO:","USINAGEM DE CONCRETO ASFÁLTICO - FAIXA C - AREIA E BRITA COMERCIAIS ",null,null,"ITEM:","1.3.2","UNIDADE:","T"]
[]
[null,null,null,null,"COMPOSIÇÃO BASE:",6416078,"DATA BASE:","ABRIL/24"]
[]
[]
[]
[]
[]
[]
[]
[]
[]
[]
[]
[]
[]
[]
[]
[]
[]
[]
[]
["CUSTO - ABRIL/2024",null,null,null,null,null,null,176.73]
["REAJUSTE: I0 = ABRIL/24 ; I1=OUT/24 - PAVIMENTAÇÃO FGV/DNIT",null,null,null,null,null,null,1.0034668794450201]
["CUSTO - OUTUBRO/2024",null,null,null,null,null,null,177.34270160431799]

{"sheet":"IMPRIMAÇÃO_SICRO_REF_4011352","index":15,"n_rows":23,"n_cols":8,"rows_kept":23,"cut":false,"hidden":false,"merged":[[0,0,1,7],[2,0,2,7],[3,0,7,0],[3,1,7,3],[3,4,4,4],[3,5,4,5],[3,6,4,6],[3,7,4,7],[5,4,7,4],[5,5,7,5],[21,0,21,6],[22,0,22,6],[5,6,7,6],[5,7,7,7],[8,0,8,7],[9,0,18,7],[19,0,19,7],[20,0,20,6]]}
[]
[]
["COMPOSIÇÃO DE CUSTO UNITÁRIO"]
["DESCRIÇÃO:","IMPRIMAÇÃO COM EMULSÃO ASFÁLTICA",null,null,"ITEM:","1.3.3","UNIDADE:","M2"]
[]
[null,null,null,null,"COMPOSIÇÃO BASE:",4011352,"DATA BASE:","ABRIL/24"]
[]
[]
[]
[]
[]
[]
[]
[]
[]
[]
[]
[]
[]
[]
["CUSTO - ABRIL/2024",null,null,null,null,null,null,0.4]
["REAJUSTE: I0 = ABRIL/24 ; I1=OUT/24 - PAVIMENTAÇÃO FGV/DNIT",null,null,null,null,null,null,1.0034668794450201]
["CUSTO - OUTUBRO/2024",null,null,null,null,null,null,0.40138675177800798]

{"sheet":"PINTURA_DE_LIGAÇÃO__SICRO_REF_4","index":16,"n_rows":28,"n_cols":8,"rows_kept":28,"cut":false,"hidden":false,"merged":[[0,0,1,7],[2,0,2,7],[3,0,7,0],[3,1,7,3],[3,4,4,4],[3,5,4,5],[3,6,4,6],[3,7,4,7],[5,4,7,4],[5,5,7,5],[26,0,26,6],[27,0,27,6],[5,6,7,6],[5,7,7,7],[8,0,8,7],[9,0,23,7],[24,0,24,7],[25,0,25,6]]}
[]
[]
["COMPOSIÇÃO DE CUSTO UNITÁRIO"]
["DESCRIÇÃO:","PINTURA DE LIGAÇÃO",null,null,"ITEM:","1.5","UNIDADE:","M2"]
[]
[null,null,null,null,"COMPOSIÇÃO BASE:",4011353,"DATA BASE:","ABRIL/24"]
[]
[]
[]
[]
[]
[]
[]
[]
[]
[]
[]
[]
[]
[]
[]
[]
[]
[]
[]
["CUSTO - ABRIL/2024",null,null,null,null,null,null,0.28000000000000003]
["REAJUSTE: I0 = ABRIL/24 ; I1=OUT/24 - PAVIMENTAÇÃO FGV/DNIT",null,null,null,null,null,null,1.0034668794450201]
["CUSTO - OUTUBRO/2024",null,null,null,null,null,null,0.28097072624460601]

{"sheet":"FRESAGEM_SINAPI_REF_96001","index":17,"n_rows":21,"n_cols":9,"rows_kept":21,"cut":false,"hidden":false,"merged":[[2,4,4,6],[7,1,7,8]]}
[]
[]
[null,null,null,null,"FRESAGEM PAVIMENTO ASFÁLTICO (PROFUNDIDADE ATÉ 5,0 CM), EM LOCAIS COM ALTO NÍVEL DE INTERFERÊNCIA. AF 03/2017 SERVIÇO"]
[]
[null,null,"Lista de Composição  Direta"]
[]
[]
[null,96001]
[null,"Banco","Tipo","Código","Descrição","Unidade","Quant.","Custo Unit.","Custo Total"]
[null,"SINAPI-05/2023","Insumo",44480,"TARIFA \"A\" ENTRE  0 E 20M3 FORNECIMENTO D'AGUA  ","M3",2.8E-3,14.94,4.1832000000000001E-2]
[null,"SINAPI-05/2023","Composição",6259,"CAMINHÃO PIPA 6.000 L, PESO BRUTO TOTAL 13.000 KG, DISTÂNCIA ENTRE EIXOS 4,80 M, POTÊNCIA 189 CV INCLUSIVE TANQUE DE AÇO PARA TRANSPORTE DE ÁGUA, CAPACIDADE 6 M3 - CHP DIURNO. AF_06/2014","CHP",5.9999999999999995E-4,257.04000000000002,0.154224]
[null,"SINAPI-05/2023","Composição",96158,"MINICARREGADEIRA SOBRE RODAS POTENCIA 47HP CAPACIDADE OPERACAO 646 KG, COM VASSOURA MECÂNICA ACOPLADA - CHP DIURNO. AF_03/2017","CHP",1.5E-3,144.99,0.21748500000000001]
[null,"SINAPI-05/2023","Insumo",44473,"APOIO DO PORTA DENTE PARA FRESADORA DE ASFALTO","UN",2.0000000000000001E-4,2476.5300000000002,0.49]
[null,"SINAPI-05/2023","Composição",5811,"CAMINHÃO BASCULANTE 6 M3, PESO BRUTO TOTAL 16.000 KG, CARGA ÚTIL MÁXIMA 13.071 KG, DISTÂNCIA ENTRE EIXOS 4,80 M, POTÊNCIA 230 CV INCLUSIVE CAÇAMBA METÁLICA - CHP DIURNO. AF_06/2014","CHP",3.3999999999999998E-3,206.31,0.70145400000000002]
[null,"SINAPI-05/2023","Insumo",44471,"PORTA DENTE PARA FRESADORA  ","UN",1.1000000000000001E-3,527.17999999999995,0.56999999999999995]
[null,"SINAPI-05/2023","Composição",88316,"SERVENTE COM ENCARGOS COMPLEMENTARES","H",2.07E-2,23.19,0.48003299999999999]
[null,"SINAPI-05/2023","Composição",96156,"MINICARREGADEIRA SOBRE RODAS POTENCIA 47HP CAPACIDADE OPERACAO 646 KG, COM VASSOURA MECÂNICA ACOPLADA - CHI DIURNO. AF_03/2017","CHI",8.8000000000000005E-3,68.25,0.60060000000000002]
[null,"SINAPI-05/2023","Insumo",44472,"DENTE PARA FRESADORA  ","UN",1.95E-2,55.99,1.0918049999999999]
[null,"SINAPI-05/2023","Composição",89234,"FRESADORA DE ASFALTO A FRIO SOBRE RODAS, LARGURA FRESAGEM DE 1,0 M, POTÊNCIA 208 HP - CHP DIURNO. AF_11/2014","CHP",3.3999999999999998E-3,577.49,1.9634659999999999]
[null,"SINAPI-05/2023","Composição",89235,"FRESADORA DE ASFALTO A FRIO SOBRE RODAS, LARGURA FRESAGEM DE 1,0 M, POTÊNCIA 208 HP - CHI DIURNO. AF_11/2014","CHI",6.8999999999999999E-3,192.79,1.3302510000000001]
[null,null,null,null,null,null,null,"Total",7.62]

{"sheet":"TRANSP_DMT_30_KM_SINAPI_95875","index":18,"n_rows":12,"n_cols":9,"rows_kept":12,"cut":false,"hidden":false,"merged":[[2,4,4,4],[7,1,7,8]]}
[]
[]
[null,null,null,null,"TRANSPORTE COM CAMINHÃO BASCULANTE DE 10,00 M³, EM VIA URBANA PAVIMENTADA, DMT ATÉ 30 KM"]
[]
[null,null,"Lista de Composição  Direta"]
[]
[]
[null,95875]
[null,"Banco","Tipo","Código","Descrição","Unidade","Quant.","Custo Unit.","Custo Total"]
[null,"SINAPI- 5/2023","Composição",91386,"CAMINHÃO BASCULANTE 10 M3, TRUCADO CABINE SIMPLES, PESO BRUTO TOTAL 23.000 KG, CARGA ÚTIL MÁXIMA 15.935 KG, DISTÂNCIA ENTRE EIXOS 4,80 M, POTÊNCIA 230 CV INCLUSIVE CAÇAMBA METÁLICA - CHP DIURNO. AF_06/2014","CHP",8.3000000000000001E-3,268.66000000000003,2.2200000000000002]
[null,"SINAPI- 5/2023","Composição",91387,"CAMINHÃO BASCULANTE 10 M3, TRUCADO CABINE SIMPLES, PESO BRUTO TOTAL 23.000 KG, CARGA ÚTIL MÁXIMA 15.935 KG, DISTÂNCIA ENTRE EIXOS 4,80 M, POTÊNCIA 230 CV INCLUSIVE CAÇAMBA METÁLICA - CHI DIURNO. AF_06/2014","CHI",3.5999999999999999E-3,77.98,0.28072799999999998]
[null,null,null,null,null,null,null,"Total",2.5007280000000001]

{"sheet":"TRANSP_30000L_SINAPI_REF_102330","index":19,"n_rows":15,"n_cols":9,"rows_kept":15,"cut":false,"hidden":false,"merged":[[2,4,4,6],[7,1,7,8],[13,1,13,4],[14,1,14,2]]}
[]
[]
[null,null,null,null,"TRANSPORTE COM CAMINHÃO TANQUE DE TRANSPORTE DE MATERIAL ASFÁLTICO DE 30000 L EM VIA URBANA PAVIMENTADA, DTM ATÉ 30KM AF 07/2020"]
[]
[null,null,"Lista de Composição  Direta"]
[]
[]
[null,102330]
[null,"Banco","Tipo","Código","Descrição","Unidade","Quant.","Custo Unit.","Custo Total"]
[null,"SINAPI- 5/2023","Composição",91646,"TRANSPORTE COM CAMINHÃO TANQUE DE TRANSPORTE DE MATERIAL ASFÁLTICO DE 30000 L EM VIA URBANA PAVIMENTADA, DTM ATÉ 30KM AF 07/2020","CHI",1.1999999999999999E-3,100.59,0.120708]
[null,"SINAPI- 5/2023","Composição",91645,"CAMINHÃO DE TRANSPORTE DE MATERIAL ASFÁLTICO 30.000 L, COM CAVALO MECÂNICO DE CAPACIDADE MÁXIMA DE TRAÇÃO COMBINADO DE 66.000 KG, POTÊNCIA 360 CV, INCLUSIVE TANQUE DE ASFALTO COM SERPENTINA - CHP DIURNO. AF_08/2015","CHP",2.8E-3,467.49,1.3]
[null,null,null,null,null,null,null,"Total",1.4207080000000001]
[]
[null,"1,42 * 30 + 0,54 * (227-30) = 42,6 + 106,38 = 148,98"]
[null,"148,98/227 = R$ 0,66 t x km"]

{"sheet":"CARGA_MAN_SICRO_5914649","index":20,"n_rows":28,"n_cols":8,"rows_kept":28,"cut":false,"hidden":false,"merged":[[0,0,1,7],[2,0,2,7],[3,0,7,0],[3,1,7,3],[3,4,4,4],[3,5,4,5],[3,6,4,6],[3,7,4,7],[5,4,7,4],[5,5,7,5],[26,0,26,6],[27,0,27,6],[5,6,7,6],[5,7,7,7],[8,0,8,7],[9,0,23,7],[24,0,24,7],[25,0,25,6]]}
[]
[]
["COMPOSIÇÃO DE CUSTO UNITÁRIO"]
["DESCRIÇÃO:","CARGA, MANOBRA E DESCARGA DE MISTURA BETUMINOSA A QUENTE EM CAMINHÃO BASCULANTE DE 10 M3 - CARGA EM USINA DE ASFALTO DE 100/140 T/H E DESCARGA EM VIBROACABADORA  ",null,null,"ITEM:","1.4","UNIDADE:","T"]
[]
[null,null,null,null,"COMPOSIÇÃO BASE:",5914649,"DATA BASE:","ABRIL/24"]
[]
[]
[]
[]
[]
[]
[]
[]
[]
[]
[]
[]
[]
[]
[]
[]
[]
[]
[]
["CUSTO - ABRIL/2024",null,null,null,null,null,null,7.71]
["REAJUSTE: I0 = ABRIL/24 ; I1=OUT/24 - PAVIMENTAÇÃO FGV/DNIT",null,null,null,null,null,null,1.0034668794450201]
["CUSTO - OUTUBRO/2024",null,null,null,null,null,null,7.7367296405211103]

{"sheet":"REMOÇÃO_DE_CONCR__SINAPI_97639","index":21,"n_rows":12,"n_cols":9,"rows_kept":12,"cut":false,"hidden":false,"merged":[[2,4,4,4],[7,1,7,8]]}
[]
[]
[null,null,null,null,"REMOÇÃO DE PLACAS E PILARETES DE CONCRETO"]
[]
[null,null,"Lista de Composição  Direta"]
[]
[]
[null,97639]
[null,"Banco","Tipo","Código","Descrição","Unidade","Quant.","Custo Unit.","Custo Total"]
[null,"SINAPI- 5/2023","Composição",88309,"PEDREIRO COM ENCARGOS COMPLEMENTARES","H",0.23469999999999999,32.369999999999997,7.59]
[null,"SINAPI- 5/2023","Composição",88316,"SERVENTE COM ENCARGOS COMPLEMENTARES","H",0.66359999999999997,23.19,15.38]
[null,null,null,null,null,null,null,"Total",22.97]

{"sheet":"INSUMOS","index":22,"n_rows":44,"n_cols":10,"rows_kept":44,"cut":false,"hidden":false,"merged":[[0,0,1,9],[2,0,2,9],[3,0,3,9],[21,0,21,9],[22,0,22,9],[24,8,25,8],[24,9,25,9],[30,0,30,7],[31,0,32,0],[31,1,32,2],[31,3,32,4],[31,5,32,6],[31,7,32,8],[24,0,25,0],[24,3,25,3],[24,4,25,4],[24,5,25,5],[24,6,25,6],[33,1,33,2],[33,3,33,4],[33,5,33,6],[33,7,33,8],[34,1,34,2],[34,3,34,4],[34,5,34,6],[34,7,34,8],[35,1,35,2],[35,3,35,4],[35,5,35,6],[35,7,35,8],[37,0,37,2],[37,3,37,4],[38,1,38,2],[39,1,39,2],[40,1,40,2],[41,1,41,2],[43,0,44,9]]}
[]
[]
["CÁLCULO BINÔMIO AQUISIÇÃO + TRANSPORTE DOS MATERIAIS ASFÁLTICOS"]
[]
["Fornecedor","Material","Preço ANP (R$/ton)","Mês","ICMS (%)","PIS (%)","COFINS (%)","Custo aquisição (ANP + impostos)","Custo Transporte (R$/ton)","Custo total (R$/ton)"]
["REPAR - Araucária/PR","RR-1C-E",3457.02,"2024-09-01",0.17,0.03,6.4999999999999997E-3,4170.8946299999998,196.63152131688901,4367.5261513168898]
["REFAP - Canoas/RS","RR-1C-E",3457.02,"2024-09-01",0.17,0.03,6.4999999999999997E-3,4170.8946299999998,390.197388189359,4561.0920181893598]
["REPLAN - Paulínea/SP","RR-1C-E",3457.02,"2024-09-01",0.17,0.03,6.4999999999999997E-3,4170.8946299999998,509.94195926372697,4680.8365892637303]
[]
["REPAR - Araucária/PR","CAP 50/70",3692.63,"2024-09-01",0.17,0.03,6.4999999999999997E-3,4455.1580949999998,196.63152131688901,4651.7896163168898]
["REFAP - Canoas/RS","CAP 50/70",3692.63,"2024-09-01",0.17,0.03,6.4999999999999997E-3,4455.1580949999998,390.197388189359,4845.3554831893598]
["REPLAN - Paulínea/SP","CAP 50/70",3692.63,"2024-09-01",0.17,0.03,6.4999999999999997E-3,4455.1580949999998,509.94195926372697,4965.1000542637303]
[]
["REPAR - Araucária/PR","RR-1C",2654.06,"2024-09-01",0.17,0.03,6.4999999999999997E-3,3202.1233900000002,196.63152131688901,3398.7549113168898]
["REFAP - Canoas/RS","RR-1C",2654.06,"2024-09-01",0.17,0.03,6.4999999999999997E-3,3202.1233900000002,390.197388189359,3592.3207781893602]
["REPLAN - Paulínea/SP","RR-1C",2654.06,"2024-09-01",0.17,0.03,6.4999999999999997E-3,3202.1233900000002,509.94195926372697,3712.0653492637298]
[]
["REPAR - Araucária/PR","IMPRIMA",2820.17,"2024-09-01",0.17,0.03,6.4999999999999997E-3,3402.5351049999999,196.63152131688901,3599.16662631689]
["REFAP - Canoas/RS","IMPRIMA",2820.17,"2024-09-01",0.17,0.03,6.4999999999999997E-3,3402.5351049999999,390.197388189359,3792.73249318936]
["REPLAN - Paulínea/SP","IMPRIMA",2820.17,"2024-09-01",0.17,0.03,6.4999999999999997E-3,3402.5351049999999,509.94195926372697,3912.47706426373]
[]
["DNIT TRANSPORTE MATERIAL BETUMINOSO"]
["ROD. PAVIMENTADA = (26,939 + 0,253xD) P/ JULHO 2014"]
[]
["REFINARIAS","INDICE - PAV","INDICE - PAV","Fator R","A","B","DMT","CUSTO","ICMS","Custo /ton"]
[null,"2014-07-01","2024-10-01",null,null,null,null,"DIRETO/TON."]
["REPAR - Araucária/PR",270.23700000000002,579.75599999999997,1.14536129397529,57.7938878984003,0.54277640737574795,212.7,173.24242974722199,0.12,194.03152131688901]
["REFAP - Canoas/RS",270.23700000000002,579.75599999999997,1.14536129397529,57.7938878984003,0.54277640737574795,525.29999999999995,342.91433469288103,0.12,384.06405485602602]
["REPLAN - Paulínea/SP",270.23700000000002,579.75599999999997,1.14536129397529,57.7938878984003,0.54277640737574795,709.2,442.73091600928097,0.12,495.858625930394]
[]
["PEDÁGIOS:"]
["Origem","Destino",null,"Valor pedágio (R$)/viagem",null,"Quantidade média de CAP (ton) por viagem",null,"Custo / ton (R$/ton)"]
[]
["REPAR - Araucária/PR","Região Vale do Itajaí",null,78,null,30,null,2.6]
["REFAP - Canoas/RS","Região Vale do Itajaí",null,184,null,30,null,6.1333333333333302]
["REPLAN - Paulínea/SP","Região Vale do Itajaí",null,422.5,null,30,null,14.0833333333333]
[]
["ADOTAR:"]
["RR-1C-E","REPAR - Araucária/PR"]
["CAP 50/70","REPAR - Araucária/PR"]
["RR-1C","REPAR - Araucária/PR"]
["IMPRIMA","REPAR - Araucária/PR"]
[]
["Conforme Portaria DNIT Nº 1977 de 25 de outubro de 2017 https://www.gov.br/dnit/pt-br/assuntos/planejamento-e-pesquisa/custos-e-pagamentos/custos-e-pagamentos-dnit/documentos/Portaria1977.2017DGProdutosasflticos.pdf"]

{"sheet":"REAJUSTAMENTOS","index":23,"n_rows":36,"n_cols":4,"rows_kept":36,"cut":false,"hidden":false,"merged":[]}
[]
[]
[]
[]
[]
[]
[]
[]
[]
[]
[]
[]
[]
[]
[]
[]
[]
[]
[]
[]
[]
[]
[]
[]
[]
[]
[]
["DESCRIÇÃO","I0 - ABRIL/24","I1 - OUT/24","R"]
["ADMINISTRAÇÃO LOCAL:",146.904,151.08799999999999,1.02848118499156]
["MOBILIZAÇÃO E DESMOBILIZAÇÃO:",169.41399999999999,173.97200000000001,1.0269045061211]
["SINALIZAÇÃO VERTICAL:",262.44400000000002,266.39499999999998,1.0150546402280101]
["PAVIMENTAÇÃO",567.09199999999998,579.75599999999997,1.02233147355279]
[]
["DESCRIÇÃO","I0 - SET/24","I1 - OUT/24","R"]
["PAVIMENTAÇÃO",577.75300000000004,579.75599999999997,1.0034668794450201]
["OBRAS COMPLEMENTARES",162.13,162.50399999999999,1.0023067908468499]